000 00780nam a22002297a 4500
005 20251108173551.0
008 250721s9999 xx 000 0 ara d
020 _a9953721335
082 1 4 _a811.009/نور
100 1 _aنور الدين، صدوق
245 1 0 _aالمنتقى : نصوص أدبية شعرية و نثرية للمستويات الإعدادية و الثانوية /
264 1 _aبيروت :
_bدارالقلم للنشر و التوزيع،
_c[200-].
300 _a168 ص.
650 1 7 _aالأدب العربي
650 1 7 _aالنقد الأدبي
650 1 7 _aالشعر العربي
650 1 7 _aالنثر
650 1 7 _aالتعليم الثانوي
653 _aالتعليم الإعدادي
942 _2ddc
_cBK
999 _c106974
_d106974